| 000 | 00685nam a22001937a 4500 | ||
|---|---|---|---|
| 005 | 20251108165317.0 | ||
| 008 | 250721s1994 xx 000 0 ara d | ||
| 082 | 1 | 4 | _a632.9/محم |
| 100 | 1 | _aزكي، محمد أحمد | |
| 245 | 1 | 0 | _aالحشائش و مكافحتها / |
| 264 | 1 |
_aالقاهرة : _bجامعة القاهرة - التعليم المفتوح، _c1994. |
|
| 300 | _a286ص | ||
| 490 | 0 | _aدراسات بكالوريوس تكنولوجيا إستصلاح الأراضي الصحراوية | |
| 650 | 1 | 7 | _aالآفات الزراعية |
| 650 | 1 | 7 | _aالحشائش |
| 700 | 1 | _aشعبان، شعبان عبد الهادي | |
| 942 |
_2ddc _cBK |
||
| 999 |
_c24770 _d24770 |
||